Plant Tissue Culture: techniques and experiments (Record no. 4552)

MARC details
000 -LEADER
fixed length control field 00579nam a22002177a 4500
003 - CONTROL NUMBER IDENTIFIER
control field OSt
005 - DATE AND TIME OF LATEST TRANSACTION
control field 20160629182033.0
008 - FIXED-LENGTH DATA ELEMENTS--GENERAL INFORMATION
fixed length control field 160629b xxu||||| |||| 00| 0 eng d
020 ## - INTERNATIONAL STANDARD BOOK NUMBER
International Standard Book Number 9780126503425
040 ## - CATALOGING SOURCE
Transcribing agency DDC
082 ## - DEWEY DECIMAL CLASSIFICATION NUMBER
Classification number 580 SMI 2000
100 ## - MAIN ENTRY--PERSONAL NAME
Personal name Smith, Roberta H.
9 (RLIN) 9761
245 ## - TITLE STATEMENT
Title Plant Tissue Culture: techniques and experiments
250 ## - EDITION STATEMENT
Remainder of edition statement 2nd ed.
260 ## - PUBLICATION, DISTRIBUTION, ETC. (IMPRINT)
Place of publication, distribution, etc. San Diego; Academic Press, 2000
300 ## - PHYSICAL DESCRIPTION
Extent xiv,231p; ill: 23cm
504 ## - BIBLIOGRAPHY, ETC. NOTE
Bibliography, etc Appendice, & index included
650 ## - SUBJECT ADDED ENTRY--TOPICAL TERM
Topical term or geographic name as entry element Plant tissues
9 (RLIN) 9762
650 ## - SUBJECT ADDED ENTRY--TOPICAL TERM
Topical term or geographic name as entry element Botany
9 (RLIN) 1777
942 ## - ADDED ENTRY ELEMENTS (KOHA)
Source of classification or shelving scheme Other/Generic Classification Scheme
Koha item type Open Shelf
Holdings
Withdrawn status Lost status Source of classification or shelving scheme Damaged status Not for loan Home library Current library Date acquired Source of acquisition Inventory number Total Checkouts Full call number Barcode Date last seen Koha item type
    Dewey Decimal Classification     MUST Main Library MUST Main Library 29/06/2016   14/38760   580 SMI 2000 2016-2865 29/06/2016 Open Shelf